[Event "XIV MIEDZYNARODOWY FESTIWAL SZACHOWY PER"]
[Site "LAZY"]
[Date "2018.06.28"]
[Round "5.5"]
[White "Hilarecki, Grzegorz"]
[Black "Krainski, Aleksander"]
[Result "0-1"]
[WhiteElo "2023"]
[BlackElo "2203"]
[PlyCount "82"]
[EventDate "2018.??.??"]

1. d4 d5 2. Bf4 Nf6 3. e3 c5 4. c3 e6 5. Nd2 Nc6 6. Ngf3 Bd6 7. Ne5 Qc7 8. Ndf3
O-O 9. Bd3 b6 10. h4 Bb7 11. Qe2 c4 12. Bc2 b5 13. a3 a5 14. Nxc6 Bxc6 15. Bxd6
Qxd6 16. Ne5 Rfc8 17. g4 Be8 18. g5 Nd7 19. f4 b4 20. Qh5 f5 21. Qd1 Rcb8 22.
h5 bxc3 23. bxc3 Rb2 24. h6 Nxe5 25. fxe5 Qe7 26. Rg1 Rab8 27. hxg7 Bg6 28. a4
Qf7 29. Rf1 f4 30. Rxf4 Bxc2 31. Rxf7 Bxd1 32. Rf8+ Rxf8 33. gxf8=Q+ Kxf8 34.
Kxd1 Kg7 35. Kc1 Rg2 36. Rb1 Rg1+ 37. Kc2 Rxb1 38. Kxb1 Kg6 39. e4 dxe4 40. Kc2
Kxg5 41. Kd2 Kf4 0-1

[Event "XIV MIEDZYNARODOWY FESTIWAL SZACHOWY PER"]
[Site "LAZY"]
[Date "2018.06.28"]
[Round "5.6"]
[White "Garbowski, Jakub"]
[Black "Jarocka, Liwia"]
[Result "1-0"]
[WhiteElo "2138"]
[BlackElo "1984"]
[PlyCount "155"]
[EventDate "2018.??.??"]

1. e4 e5 2. Nf3 Nc6 3. Bb5 a6 4. Ba4 d6 5. c3 Bd7 6. O-O g6 7. d4 Bg7 8. Re1
Nge7 9. Be3 O-O 10. Nbd2 Qe8 11. Bb3 Kh8 12. h3 f5 13. dxe5 dxe5 14. Bc5 Rd8
15. Qe2 Bf6 16. Bd5 b6 17. Bxc6 Bxc6 18. Bxe7 Qxe7 19. Qxa6 f4 20. Qc4 Be8 21.
Qe2 g5 22. Nh2 Rg8 23. Rad1 h5 24. g4 fxg3 25. fxg3 g4 26. h4 Bg7 27. Nhf1 Bh6
28. b4 Ba4 29. Nb3 Rdf8 30. Nfd2 Bxb3 31. axb3 Bxd2 32. Qxd2 Qe6 33. Qd5 Qe7
34. Rf1 Rf3 35. Rxf3 gxf3 36. Kf2 Qg7 37. Rg1 Qf6 38. Qd3 Rd8 39. Qe3 Rf8 40.
Rd1 Rf7 41. Qg5 Qxg5 42. hxg5 Kg7 43. Rd5 Re7 44. Kxf3 Kg6 45. c4 Kxg5 46. c5
Re6 47. Rd8 Rc6 48. Rd5 Kf6 49. Kg2 Re6 50. Kh3 Kg5 51. b5 bxc5 52. Rxc5 Re7
53. b4 h4 54. Rd5 hxg3 55. Kxg3 Kf6 56. Kf3 Ke6 57. Rc5 Kd6 58. Ke3 Rh7 59. Kd3
Rh4 60. Rc6+ Kd7 61. Rg6 Rf4 62. b6 cxb6 63. Rxb6 Rh4 64. b5 Rg4 65. Rc6 Rg1
66. Rc5 Kd6 67. Rd5+ Ke6 68. Kc4 Re1 69. Kc5 Rxe4 70. b6 Re1 71. Rd6+ Ke7 72.
b7 Rc1+ 73. Kd5 Rb1 74. Rh6 e4 75. Rh8 e3 76. b8=Q Rxb8 77. Rxb8 Kf6 78. Re8
1-0

[Event "XIV MIEDZYNARODOWY FESTIWAL SZACHOWY PER"]
[Site "LAZY"]
[Date "2018.06.28"]
[Round "5.7"]
[White "Niedbala, Bartlomiej"]
[Black "Siembab, Bartosz"]
[Result "1/2-1/2"]
[WhiteElo "1977"]
[BlackElo "2136"]
[PlyCount "45"]
[EventDate "2018.??.??"]

1. e4 e5 2. Nf3 Nc6 3. d4 exd4 4. Bc4 Nf6 5. e5 d5 6. Bb5 Ne4 7. Nxd4 Bd7 8.
Bxc6 bxc6 9. O-O Bc5 10. f3 Ng5 11. f4 Ne4 12. Be3 O-O 13. Nd2 Nxd2 14. Qxd2
Re8 15. Nb3 Bb6 16. Rae1 Bf5 17. c3 Be4 18. Kh1 f5 19. Bd4 Re6 20. Qf2 Qe8 21.
Nd2 Qh5 22. Nxe4 dxe4 23. Rd1 1/2-1/2

[Event "XIV MIEDZYNARODOWY FESTIWAL SZACHOWY PER"]
[Site "LAZY"]
[Date "2018.06.28"]
[Round "5.8"]
[White "Hrymowicz, Artur"]
[Black "Oborski, Artur"]
[Result "1/2-1/2"]
[WhiteElo "2123"]
[BlackElo "1801"]
[PlyCount "83"]
[EventDate "2018.??.??"]

1. e4 c5 2. Nf3 d6 3. d4 cxd4 4. Nxd4 Nf6 5. Nc3 Nc6 6. Bc4 e6 7. O-O Be7 8.
Be3 O-O 9. Bb3 Bd7 10. f4 a6 11. Kh1 b5 12. f5 Nxd4 13. Qxd4 e5 14. Qd3 b4 15.
Nd5 Bb5 16. Nxf6+ Bxf6 17. Bc4 Bxc4 18. Qxc4 Rc8 19. Qxb4 Rxc2 20. Rfd1 Qb8 21.
Qxb8 Rxb8 22. b3 Be7 23. Rdc1 Rbc8 24. Kg1 Kf8 25. Rxc2 Rxc2 26. Rc1 Rxc1+ 27.
Bxc1 Ke8 28. Kf2 Kd7 29. Ke2 Kc6 30. Bb2 f6 31. Ba3 Bd8 32. Kd3 d5 33. g4 g6
34. fxg6 hxg6 35. h4 dxe4+ 36. Kxe4 f5+ 37. gxf5 gxf5+ 38. Kxf5 Bxh4 39. Kxe5
Kb5 40. Kd5 a5 41. Bc5 a4 42. bxa4+ 1/2-1/2

[Event "XIV MIEDZYNARODOWY FESTIWAL SZACHOWY PER"]
[Site "LAZY"]
[Date "2018.06.28"]
[Round "5.9"]
[White "Kruczynski, Marek"]
[Black "Wacior, Maciej"]
[Result "1/2-1/2"]
[WhiteElo "1731"]
[BlackElo "2110"]
[PlyCount "93"]
[EventDate "2018.??.??"]

1. e4 c6 2. d4 d5 3. e5 c5 4. c4 Nc6 5. Nf3 Bg4 6. cxd5 Qxd5 7. Nc3 Qd8 8. d5
Bxf3 9. Qxf3 Nxe5 10. Bb5+ Nd7 11. O-O Ngf6 12. Bg5 a6 13. Bxd7+ Qxd7 14. Bxf6
exf6 15. Rfe1+ Kd8 16. d6 Rc8 17. Rad1 Rc6 18. Re7 Bxe7 19. dxe7+ Kxe7 20.
Rxd7+ Kxd7 21. Qd5+ Ke7 22. Qe4+ Kd7 23. g3 g6 24. Kg2 h5 25. h4 Re8 26. Qd5+
Ke7 27. Qb3 b5 28. Qd5 Rec8 29. Qe4+ Kf8 30. Nd5 Re8 31. Qf3 Ree6 32. Nf4 Red6
33. g4 hxg4 34. Qxg4 b4 35. Ne2 Rd2 36. Qc4 Kg7 37. h5 gxh5 38. Ng3 Kf8 39.
Nxh5 Rd4 40. Qb3 Re6 41. Kf1 Re5 42. Qf3 Red5 43. Nxf6 Rd6 44. Ne4 R6d5 45. Nf6
Rd6 46. Ne4 R6d5 47. Ng3 1/2-1/2

[Event "XIV MIEDZYNARODOWY FESTIWAL SZACHOWY PER"]
[Site "LAZY"]
[Date "2018.06.28"]
[Round "5.10"]
[White "Grzesik, Gracjan"]
[Black "Luczak, Filip"]
[Result "1/2-1/2"]
[WhiteElo "1884"]
[BlackElo "2044"]
[PlyCount "70"]
[EventDate "2018.??.??"]

1. c4 Nf6 2. Nc3 e5 3. g3 c6 4. d4 exd4 5. Qxd4 d5 6. Bg5 Be7 7. cxd5 cxd5 8.
Bg2 Nc6 9. Qa4 Be6 10. Rd1 O-O 11. Nf3 Qb6 12. Qb5 Ne4 13. Qxb6 axb6 14. Bxe7
Nxe7 15. Nxe4 dxe4 16. Nd4 Rxa2 17. Nxe6 fxe6 18. Rb1 e3 19. fxe3 Nd5 20. Bh3
Rf6 21. e4 Ne3 22. Kd2 Rh6 23. Bxe6+ Rxe6 24. Kxe3 Ra4 25. b4 Ra3+ 26. Kd4 Rd6+
27. Ke5 Rd8 28. Rbd1 Re8+ 29. Kd4 Rb3 30. Rb1 Rd8+ 31. Ke5 Re3 32. Rb2 Re8+ 33.
Kd6 R3xe4 34. Kc7 R8e7+ 35. Kxb6 R4e6+ 1/2-1/2

[Event "XIV MIEDZYNARODOWY FESTIWAL SZACHOWY PER"]
[Site "LAZY"]
[Date "2018.06.28"]
[Round "5.11"]
[White "Majek, Kacper"]
[Black "Majocha, Piotr"]
[Result "1-0"]
[WhiteElo "2034"]
[BlackElo "1902"]
[PlyCount "85"]
[EventDate "2018.??.??"]

1. e4 c5 2. Nf3 d6 3. g3 Nf6 4. d3 Bg4 5. Bg2 Nc6 6. c3 e6 7. h3 Bh5 8. O-O Be7
9. Be3 d5 10. Nbd2 dxe4 11. dxe4 e5 12. Qa4 O-O 13. Qb5 a6 14. Qe2 Qc7 15. Bg5
Rfd8 16. Nc4 Bxf3 17. Bxf3 Nd7 18. Bxe7 Nxe7 19. a4 b5 20. axb5 axb5 21. Ne3 c4
22. Nd5 Nxd5 23. exd5 Qd6 24. b3 Nb6 25. bxc4 bxc4 26. Rfe1 f6 27. Qe4 Rxa1 28.
Rxa1 Qc5 29. Ra7 Qd6 30. Qg4 Rd7 31. Ra6 Re7 32. Qe4 g6 33. Qe3 Rb7 34. g4 Kg7
35. h4 f5 36. g5 e4 37. Be2 Qc7 38. Qd4+ Kg8 39. d6 Qc6 40. Rxb6 Rxb6 41. Bxc4+
Qxc4 42. Qxc4+ Kf8 43. Qc8+ 1-0

[Event "XIV MIEDZYNARODOWY FESTIWAL SZACHOWY PER"]
[Site "LAZY"]
[Date "2018.06.28"]
[Round "5.12"]
[White "Buchta, Agnieszka"]
[Black "Hasterok, Mateusz"]
[Result "1-0"]
[WhiteElo "1810"]
[BlackElo "1837"]
[PlyCount "59"]
[EventDate "2018.??.??"]

1. e4 c5 2. Nc3 Nc6 3. Bb5 Nd4 4. Nf3 a6 5. Bc4 b5 6. Bd5 Rb8 7. Nxd4 cxd4 8.
Ne2 Nf6 9. Bb3 Nxe4 10. Nxd4 Qb6 11. c3 e6 12. O-O Bc5 13. Qg4 Bxd4 14. cxd4
Bb7 15. Qxg7 Ke7 16. d5 Nf6 17. d3 Rbg8 18. Qh6 Rg6 19. Qh4 Rg4 20. Be3 Qd8 21.
Qh6 Rhg8 22. g3 R8g6 23. Qh3 Nxd5 24. Bxd5 Bxd5 25. f3 Ra4 26. b3 Ra5 27. Qh4+
Rf6 28. Bd4 e5 29. Bxe5 Qb6+ 30. Bd4 1-0

[Event "XIV MIEDZYNARODOWY FESTIWAL SZACHOWY PER"]
[Site "LAZY"]
[Date "2018.06.28"]
[Round "5.13"]
[White "Sypien, Natan"]
[Black "Stachanczyk, Jacek"]
[Result "0-1"]
[WhiteElo "1774"]
[BlackElo "2223"]
[PlyCount "38"]
[EventDate "2018.??.??"]

1. d4 d5 2. c4 c6 3. Nf3 Nf6 4. Nc3 dxc4 5. a4 Bf5 6. Ne5 Nbd7 7. Nxc4 Nb6 8.
Ne5 a5 9. f3 Nfd7 10. Nxd7 Nxd7 11. e4 Bg6 12. Be3 Qb6 13. Qd2 e5 14. Bc4 exd4
15. Bxd4 Bc5 16. Bxc5 Qxc5 17. Rd1 O-O-O 18. Qd4 Qb4 19. O-O Nb6 0-1

[Event "XIV MIEDZYNARODOWY FESTIWAL SZACHOWY PER"]
[Site "LAZY"]
[Date "2018.06.28"]
[Round "5.14"]
[White "Zabron, Maksym"]
[Black "Czarniecka, Aleksandra"]
[Result "0-1"]
[WhiteElo "1694"]
[BlackElo "1983"]
[PlyCount "194"]
[EventDate "2018.??.??"]

1. d4 Nf6 2. c4 g6 3. Nc3 Bg7 4. e4 d6 5. f3 O-O 6. Be3 Nc6 7. Qd2 a6 8. Nge2
Rb8 9. d5 Ne5 10. Ng3 c6 11. a4 h5 12. h4 Qa5 13. Rb1 c5 14. Be2 Ne8 15. O-O
Qb4 16. Na2 Qxa4 17. b4 cxb4 18. Rxb4 Qd7 19. Nc3 Bf6 20. Bd1 Bxh4 21. Nge2 e6
22. Nd4 Qc7 23. Be2 Ng7 24. Rfb1 Nd7 25. Na4 Nc5 26. Nb6 Bg3 27. Qb2 Qe7 28.
Bf2 h4 29. Nxc8 Rbxc8 30. Nb3 Bxf2+ 31. Kxf2 Qc7 32. Qd4 Nh5 33. Qe3 Nd7 34.
dxe6 fxe6 35. Nd4 Nc5 36. Nb3 Nf6 37. Kg1 Nfd7 38. Qg5 Kg7 39. Rd1 Ne5 40. Nd4
Qd8 41. Qe3 Qf6 42. Rdb1 a5 43. Rb6 Qe7 44. R6b2 a4 45. f4 Ned7 46. Bg4 Nf6 47.
Bf3 Nfd7 48. Bg4 b6 49. Nb5 Nb3 50. Be2 Rf7 51. e5 dxe5 52. fxe5 Qc5 53. Qxc5
Rxc5 54. Nd6 Rf4 55. Bd1 Nxe5 56. Bxb3 axb3 57. Rxb3 Nxc4 58. Nxc4 Rfxc4 59.
Rxb6 Rc1+ 60. Rxc1 Rxc1+ 61. Kh2 Kf6 62. Rb8 Rc3 63. Rh8 g5 64. Rf8+ Ke5 65.
Rg8 Kf5 66. Rf8+ Kg4 67. Re8 Re3 68. Kg1 e5 69. Kf2 Re4 70. Re7 Kf5 71. Rf7+
Kg6 72. Re7 Kf6 73. Re8 Ra4 74. Kf3 Rf4+ 75. Ke2 Rg4 76. Kf3 Rg3+ 77. Kf2 Kf5
78. Rf8+ Ke4 79. Re8 Ra3 80. Rg8 Ra2+ 81. Kf1 Ke3 82. Kg1 Kf4 83. Rb8 e4 84.
Rb1 e3 85. Rf1+ Ke4 86. Re1 g4 87. Rb1 Kf4 88. Re1 Rb2 89. Kf1 h3 90. gxh3 gxh3
91. Kg1 Kf3 92. Kh1 Kf2 93. Rf1+ Ke2 94. Rg1 Kd2 95. Kh2 e2 96. Kxh3 e1=Q 97.
Rg2+ Kc1 0-1

[Event "XIV MIEDZYNARODOWY FESTIWAL SZACHOWY PER"]
[Site "LAZY"]
[Date "2018.06.28"]
[Round "5.16"]
[White "Rogala, Milosz"]
[Black "Pluta, Natalia"]
[Result "1/2-1/2"]
[WhiteElo "1707"]
[BlackElo "1826"]
[PlyCount "55"]
[EventDate "2018.??.??"]

1. e4 c5 2. Nf3 g6 3. d4 cxd4 4. Nxd4 Bg7 5. Be3 Nc6 6. Nc3 Nf6 7. Be2 O-O 8.
O-O d5 9. exd5 Nxd5 10. Nxd5 Qxd5 11. Bf3 Qc4 12. Nxc6 bxc6 13. c3 Bf5 14. Qb3
Qa6 15. Bc5 Rfe8 16. Qa3 Qxa3 17. Bxa3 Rac8 18. Rad1 e5 19. Be2 Be6 20. Bc5 a5
21. c4 f5 22. b3 e4 23. Rb1 Ra8 24. b4 Red8 25. Rfd1 Kf7 26. a3 Ke8 27. g3
Rxd1+ 28. Rxd1 1/2-1/2

[Event "XIV MIEDZYNARODOWY FESTIWAL SZACHOWY PER"]
[Site "LAZY"]
[Date "2018.06.28"]
[Round "5.17"]
[White "Daliga, Anita"]
[Black "Syrkiewicz, Michal"]
[Result "1/2-1/2"]
[WhiteElo "1605"]
[BlackElo "1799"]
[PlyCount "113"]
[EventDate "2018.??.??"]

1. e4 c5 2. d3 e6 3. Nf3 d5 4. Nbd2 Nc6 5. g3 Bd6 6. Bg2 Nge7 7. O-O O-O 8. Re1
Qc7 9. Nf1 d4 10. h4 Bd7 11. N1h2 f6 12. Bh3 b5 13. h5 e5 14. g4 c4 15. Nh4 Be6
16. Nf5 Rac8 17. Nf3 cxd3 18. cxd3 Nb4 19. g5 Bxf5 20. exf5 Nc2 21. gxf6 gxf6
22. Bh6 Nxe1 23. Qb3+ Kh8 24. Rxe1 Rg8+ 25. Kh1 Qc6 26. Re4 Qd5 27. Qd1 Qf7 28.
Nh4 Rc7 29. Qf3 Qxa2 30. Ng6+ Nxg6 31. fxg6 Be7 32. Rg4 Bd8 33. Qg2 Rcg7 34.
Bxg7+ Rxg7 35. h6 Rxg6 36. Rxg6 hxg6 37. Qxg6 Qg8 38. Qf5 a5 39. Qd7 Qf8 40. h7
Qe7 41. Qxb5 Qxh7 42. Qe8+ Qg8 43. Qxg8+ Kxg8 44. b3 Kf7 45. Kg2 Ke7 46. Kf3
Kd6 47. Ke4 Kc5 48. Be6 Kb4 49. Bc4 Kc3 50. f4 exf4 51. Kxf4 Bc7+ 52. Ke4 Be5
53. Kf5 Kd2 54. Ke4 Ke2 55. Bb5 Kf2 56. Bd7 Kg3 57. Be6 1/2-1/2

[Event "XIV MIEDZYNARODOWY FESTIWAL SZACHOWY PER"]
[Site "LAZY"]
[Date "2018.06.28"]
[Round "5.19"]
[White "Szydelko, Michal"]
[Black "Koloczek, Maciej"]
[Result "0-1"]
[WhiteElo "1713"]
[BlackElo "1961"]
[PlyCount "96"]
[EventDate "2018.??.??"]

1. e4 c5 2. Nf3 g6 3. c3 Bg7 4. d4 cxd4 5. cxd4 d5 6. exd5 Nf6 7. Bb5+ Nbd7 8.
Nc3 O-O 9. Bxd7 Qxd7 10. Qb3 b6 11. Ne5 Qd6 12. O-O Bb7 13. Bg5 Rfd8 14. Nc4
Qd7 15. Ne5 Qd6 16. Nc4 Qb8 17. Ne3 h6 18. Bxf6 Bxf6 19. Rfd1 Qf4 20. Qc4 Rac8
21. Qd3 h5 22. Rac1 Kg7 23. Ne2 Qg5 24. Rxc8 Rxc8 25. Nc3 Rd8 26. Qc4 Qf4 27.
g3 Qb8 28. Qb3 h4 29. Ne4 hxg3 30. hxg3 Qc8 31. Qd3 Qh3 32. Qf1 Qh6 33. Nxf6
exf6 34. Qg2 f5 35. Qf3 Rh8 36. Qg2 f4 37. Nc4 Qh5 38. f3 fxg3 39. Ne3 Qg5 40.
Nf1 Bxd5 41. Qxg3 Qxg3+ 42. Nxg3 Bxf3 43. Rd3 Bd5 44. a3 f5 45. Ne2 Rh1+ 46.
Kf2 Rh2+ 47. Ke1 Bc4 48. Re3 Rxe2+ 0-1

[Event "XIV MIEDZYNARODOWY FESTIWAL SZACHOWY PER"]
[Site "LAZY"]
[Date "2018.06.28"]
[Round "5.20"]
[White "Zarebska, Lena"]
[Black "Dytman, Radoslaw"]
[Result "1-0"]
[WhiteElo "1817"]
[BlackElo "1722"]
[PlyCount "97"]
[EventDate "2018.??.??"]

1. e4 c5 2. Nf3 Nc6 3. d4 cxd4 4. Nxd4 g6 5. c4 Bg7 6. Be3 Nf6 7. Nc3 O-O 8.
Be2 d6 9. f3 Bd7 10. Qd2 Rc8 11. Rc1 Nxd4 12. Bxd4 Bc6 13. O-O Nd7 14. Bxg7
Kxg7 15. Qd4+ f6 16. Kh1 Qb6 17. Qd2 a5 18. f4 Nc5 19. Bf3 Qb4 20. Qe2 e5 21.
Bg4 Rce8 22. f5 g5 23. Bh5 Rc8 24. Rfd1 Rfd8 25. h4 h6 26. Bg6 h5 27. Bxh5 Rh8
28. a3 Qb6 29. Rxd6 Nb3 30. Rcd1 Nd4 31. Qg4 Be8 32. Rxb6 Bxh5 33. Rxb7+ Kf8
34. Qg3 Bxd1 35. Qe1 Rxh4+ 36. Kg1 Bb3 37. Qd2 Rg4 38. Kf2 Rf4+ 39. Kg1 Rg4 40.
Qd3 Bc2 41. Qe3 Rxc4 42. Rh7 a4 43. Qh3 Rh4 44. Rxh4 gxh4 45. Qxh4 Ke7 46. Nd5+
Kd6 47. Qxf6+ Kd7 48. Qe7+ Kc8 49. Nb6+ 1-0

[Event "XIV MIEDZYNARODOWY FESTIWAL SZACHOWY PER"]
[Site "LAZY"]
[Date "2018.06.28"]
[Round "5.21"]
[White "Trybus, Daniel"]
[Black "Wojdak, Jan"]
[Result "1-0"]
[WhiteElo "1793"]
[BlackElo "1712"]
[PlyCount "103"]
[EventDate "2018.??.??"]

1. Nf3 d5 2. c4 c6 3. d4 e6 4. Nc3 dxc4 5. a4 Bb4 6. g3 Nf6 7. Bg2 c5 8. O-O
Nc6 9. dxc5 Qxd1 10. Rxd1 Bxc3 11. bxc3 Ne4 12. Bb2 Nxc5 13. Nd2 Na5 14. Ba3
Nab3 15. Nxc4 O-O 16. Rab1 Rb8 17. Na5 Nxa5 18. Bxc5 Re8 19. Rb5 b6 20. Bd6 Ba6
21. Bxb8 Bxb5 22. Bxa7 Bxa4 23. Rd4 b5 24. Bb6 Nb3 25. Rd6 g6 26. Bc6 Rc8 27.
c4 Nc1 28. c5 Nxe2+ 29. Kf1 Nc3 30. Bb7 Rf8 31. c6 b4 32. c7 Nb5 33. Rd8 Nxc7
34. Rxf8+ Kxf8 35. Bxc7 Ke7 36. Ke1 f6 37. Kd2 e5 38. Bd5 Kd7 39. Ba5 g5 40.
Bxb4 h5 41. h4 Ke8 42. hxg5 fxg5 43. Bd6 h4 44. gxh4 gxh4 45. Bxe5 Ke7 46. Ke3
Bc2 47. Kf4 h3 48. Kg4 Bd3 49. Kxh3 Bf5+ 50. Kg3 Bb1 51. Kf4 Bc2 52. Be4 1-0

[Event "XIV MIEDZYNARODOWY FESTIWAL SZACHOWY PER"]
[Site "LAZY"]
[Date "2018.06.28"]
[Round "5.22"]
[White "Kindler, Karolina"]
[Black "Majewski, Krzysztof"]
[Result "1/2-1/2"]
[WhiteElo "1784"]
[BlackElo "1695"]
[PlyCount "76"]
[EventDate "2018.??.??"]

1. Nf3 d5 2. b3 Nf6 3. Bb2 c5 4. e3 Nc6 5. d4 e6 6. Bd3 Bd6 7. O-O O-O 8. Ne5
Qc7 9. f4 cxd4 10. exd4 Nb4 11. Rf3 Nxd3 12. Qxd3 Ne4 13. Rh3 f6 14. Nd2 fxe5
15. fxe5 Be7 16. Nxe4 dxe4 17. Qxe4 g6 18. c4 Rf7 19. Bc1 Qd8 20. Be3 Bg5 21.
Bf2 Rf4 22. Qd3 b6 23. Rg3 Bb7 24. Rd1 Rf5 25. Be3 Bxe3+ 26. Rxe3 Qg5 27. Rg3
Qf4 28. Rf1 Qxf1+ 29. Qxf1 Rxf1+ 30. Kxf1 Rf8+ 31. Kg1 a6 32. Rd3 Rd8 33. Kf2
b5 34. g3 Rf8+ 35. Ke3 Rf3+ 36. Ke2 Rf5 37. cxb5 axb5 38. Rc3 b4 1/2-1/2

[Event "XIV MIEDZYNARODOWY FESTIWAL SZACHOWY PER"]
[Site "LAZY"]
[Date "2018.06.28"]
[Round "5.23"]
[White "Saweczko, Tomasz"]
[Black "Podgorski, Maciej"]
[Result "0-1"]
[WhiteElo "1615"]
[BlackElo "1852"]
[PlyCount "74"]
[EventDate "2018.??.??"]

1. e4 c5 2. Nc3 d6 3. f4 Nc6 4. Bb5 Bd7 5. Nf3 Nf6 6. d3 a6 7. Bc4 b5 8. Bb3 e6
9. e5 dxe5 10. fxe5 Ng4 11. Bf4 Qc7 12. Qe2 Be7 13. h3 Nh6 14. g4 Na5 15. a3
Nxb3 16. cxb3 Bc6 17. Ne4 Qb7 18. O-O c4 19. Nf6+ gxf6 20. Bxh6 Bc5+ 21. Be3
Bxf3 22. Qxf3 Qxf3 23. Rxf3 Bxe3+ 24. Rxe3 cxb3 25. Rc1 a5 26. exf6 O-O 27. Re5
b4 28. Rg5+ Kh8 29. a4 h6 30. Rg7 Rad8 31. Rc5 Rd5 32. Rb5 Rxb5 33. axb5 a4 34.
Kg2 a3 35. Kg3 axb2 36. Kh4 b1=Q 37. Kh5 Qxd3 0-1

[Event "XIV MIEDZYNARODOWY FESTIWAL SZACHOWY PER"]
[Site "LAZY"]
[Date "2018.06.28"]
[Round "5.24"]
[White "Krzywnicka, Maria"]
[Black "Hertlein, Irena"]
[Result "1/2-1/2"]
[WhiteElo "1845"]
[BlackElo "1531"]
[PlyCount "138"]
[EventDate "2018.??.??"]

1. e4 d5 2. exd5 Qxd5 3. Nf3 Nf6 4. Be2 c6 5. O-O Bf5 6. d4 e6 7. c4 Qd6 8. Qb3
Qc7 9. Bf4 Qb6 10. Qxb6 axb6 11. Nc3 Nbd7 12. Nh4 Bg6 13. Nxg6 hxg6 14. h3 Be7
15. Rfd1 O-O 16. a3 Rfe8 17. Bf3 Rac8 18. Re1 Bf8 19. Re2 Red8 20. Rd1 Nb8 21.
Red2 Bd6 22. Be3 Bc7 23. d5 exd5 24. cxd5 cxd5 25. Nb5 Be5 26. Bxb6 Rd7 27. g3
Nc6 28. b4 Ne7 29. Bc5 Kf8 30. Re2 Bb8 31. Rde1 Re8 32. a4 Nh7 33. Bxd5 Rxd5
34. Bxe7+ Kg8 35. Bc5 Rxe2 36. Rxe2 Nf6 37. Re7 Rd7 38. Rxd7 Nxd7 39. Bd6 Bxd6
40. Nxd6 b6 41. a5 bxa5 42. bxa5 Nc5 43. Kf1 Kf8 44. Ke2 Ke7 45. Nc4 Ke6 46.
Kd2 Kd5 47. Kc3 Kc6 48. f3 f6 49. Kd4 Nb3+ 50. Kc3 Nc5 51. h4 g5 52. hxg5 fxg5
53. Kd4 g4 54. Ne5+ Kb5 55. Nxg4 Nb3+ 56. Ke5 Nd2 57. Nh2 Kxa5 58. Kf5 Kb5 59.
Kg6 Kc5 60. Kxg7 Kd4 61. f4 Ke4 62. Kf6 Ke3 63. Kg5 Kf2 64. Kh4 Kg2 65. Ng4 Ne4
66. Ne3+ Kf3 67. Nf1 Nxg3 68. Kg5 Nxf1 69. f5 Nd2 1/2-1/2

[Event "XIV MIEDZYNARODOWY FESTIWAL SZACHOWY PER"]
[Site "LAZY"]
[Date "2018.06.28"]
[Round "5.25"]
[White "Luberanski, Jakub"]
[Black "Wojtas, Julia"]
[Result "1/2-1/2"]
[WhiteElo "1762"]
[BlackElo "1483"]
[PlyCount "116"]
[EventDate "2018.??.??"]

1. e4 c5 2. Nf3 d6 3. d4 cxd4 4. Nxd4 Nf6 5. Nc3 a6 6. Be3 e5 7. Nf3 Be7 8. Bc4
Be6 9. Bb3 h6 10. O-O Nbd7 11. Qe2 O-O 12. Rfd1 b5 13. a3 Qc7 14. Ne1 Bxb3 15.
cxb3 Nc5 16. Bxc5 dxc5 17. Nd5 Nxd5 18. Rxd5 Rad8 19. Rad1 Rxd5 20. Rxd5 Rd8
21. Qd1 Rxd5 22. Qxd5 Qd6 23. Qxd6 Bxd6 24. Nc2 g6 25. Ne3 h5 26. Kf1 Kf8 27.
Ke2 Ke7 28. Nd5+ Ke6 29. Kd3 f5 30. a4 b4 31. f3 g5 32. Ne3 f4 33. Nd1 Be7 34.
Nf2 Kd6 35. Kc4 Kc6 36. Nd3 Bd6 37. h3 a5 38. Nf2 Be7 39. Kd3 Bd6 40. Kd2 Be7
41. Ke2 Bd6 42. Kd3 Be7 43. Kc4 Bf8 44. Nd3 Bd6 45. Nf2 Be7 46. Nh1 h4 47. Nf2
Bf8 48. Ng4 Bg7 49. Kd3 Kd7 50. Nf2 Bf8 51. Kd2 Kc6 52. Kc2 Kd7 53. Kd3 Kc7 54.
Ng4 Bg7 55. Nh2 Bf6 56. Nf1 Bd8 57. Nd2 Kd7 58. Nc4 Bc7 1/2-1/2

[Event "XIV MIEDZYNARODOWY FESTIWAL SZACHOWY PER"]
[Site "LAZY"]
[Date "2018.06.28"]
[Round "5.26"]
[White "Wasala, Wiktoria"]
[Black "Wieczorek, Mikolaj"]
[Result "0-1"]
[WhiteElo "1521"]
[BlackElo "1726"]
[PlyCount "82"]
[EventDate "2018.??.??"]

1. e4 c5 2. Nc3 Nc6 3. f4 g6 4. Nf3 Bg7 5. g3 e6 6. Bg2 Nge7 7. O-O O-O 8. d3
d5 9. exd5 exd5 10. Bd2 Rb8 11. a4 Bg4 12. h3 Bxf3 13. Bxf3 Nf5 14. Kh2 Nb4 15.
Ne2 Re8 16. g4 Ne3 17. Bxe3 Rxe3 18. Qd2 Qe7 19. Nc3 Re8 20. Rf2 Qd6 21. Bg2 a6
22. Raf1 g5 23. Kh1 gxf4 24. Rxf4 Bh6 25. g5 Bxg5 26. Rg4 f6 27. h4 h5 28.
Rxg5+ fxg5 29. Qf2 Qf4 30. Qxf4 gxf4 31. Bxd5+ Nxd5 32. Nxd5 Rh3+ 33. Kg2 Rg3+
34. Kh1 Rf8 35. Kh2 Rg4 36. Rf3 Rxh4+ 37. Kg2 Rg4+ 38. Kf2 Kg7 39. Rh3 Kg6 40.
Ne7+ Kg5 41. c3 f3 0-1

[Event "XIV MIEDZYNARODOWY FESTIWAL SZACHOWY PER"]
[Site "LAZY"]
[Date "2018.06.28"]
[Round "5.27"]
[White "Topola, Rafal"]
[Black "Kurcaba, Lukasz"]
[Result "1/2-1/2"]
[WhiteElo "1570"]
[BlackElo "1619"]
[PlyCount "32"]
[EventDate "2018.??.??"]

1. e4 c5 2. Nf3 Nc6 3. d4 cxd4 4. Nxd4 Nf6 5. Nc3 e6 6. Ndb5 Bb4 7. a3 Bxc3+ 8.
Nxc3 d5 9. exd5 exd5 10. Bd3 d4 11. Ne2 Bf5 12. O-O Bxd3 13. Qxd3 O-O 14. Rd1
Rc8 15. b4 Qc7 16. Bf4 Qb6 1/2-1/2

[Event "XIV MIEDZYNARODOWY FESTIWAL SZACHOWY PER"]
[Site "LAZY"]
[Date "2018.06.29"]
[Round "6.1"]
[White "Karpus, Michal"]
[Black "Klepek, Witold"]
[Result "1/2-1/2"]
[WhiteElo "2364"]
[BlackElo "2132"]
[PlyCount "140"]
[EventDate "2018.??.??"]

1. e4 e6 2. d4 d5 3. Nd2 c5 4. Ngf3 cxd4 5. Nxd4 Nc6 6. Bb5 Bd7 7. Nxc6 bxc6 8.
Bd3 Bd6 9. Qe2 Ne7 10. Nf3 Ng6 11. e5 Bc7 12. O-O O-O 13. c4 Qe7 14. Bd2 c5 15.
Rac1 Bc6 16. Bg5 f6 17. exf6 gxf6 18. cxd5 Bxd5 19. Bh6 Rfd8 20. Be4 Rab8 21.
b3 Bf4 22. Bxf4 Nxf4 23. Qe3 Rb4 24. Bxd5 Rxd5 25. Rc4 Qd6 26. Rxb4 cxb4 27. g3
Rd3 28. Qe4 Ng6 29. Rc1 Rc3 30. Re1 Qd5 31. Kg2 Kf7 32. Qxd5 exd5 33. Rd1 Rc2
34. Rxd5 Rxa2 35. Rd7+ Ne7 36. Rb7 a5 37. Nd4 Ke8 38. Kf3 a4 39. Rxb4 axb3 40.
Rxb3 Ra7 41. Ne6 Kf7 42. Nf4 Rc7 43. h4 Ra7 44. Rb6 Nc8 45. Rb5 Ne7 46. Kg4 Rd7
47. Kh5 Kg7 48. Rb8 Ng6 49. Ne6+ Kf7 50. Nd8+ Kg7 51. Rb7 Rxb7 52. Nxb7 Ne5 53.
Nd6 Nd3 54. f4 Nf2 55. Nf5+ Kh8 56. Nd4 Kg7 57. f5 Kg8 58. Ne6 Kh8 59. g4 Nd1
60. Nc7 Kg8 61. Nd5 Kg7 62. g5 fxg5 63. hxg5 Nf2 64. Ne7 Ne4 65. Nc6 Nd6 66.
f6+ Kf7 67. Ne5+ Ke6 68. Ng4 Nf7 69. Nh6 Nd6 70. Kg4 Ne4 1/2-1/2

[Event "XIV MIEDZYNARODOWY FESTIWAL SZACHOWY PER"]
[Site "LAZY"]
[Date "2018.06.29"]
[Round "6.2"]
[White "Cieslak, Wiktoria"]
[Black "Chomczyk, Marek"]
[Result "1/2-1/2"]
[WhiteElo "1931"]
[BlackElo "2247"]
[PlyCount "141"]
[EventDate "2018.??.??"]

1. e4 e5 2. Nf3 Nc6 3. d4 exd4 4. Bc4 Nf6 5. O-O Nxe4 6. Re1 d5 7. Bxd5 Qxd5 8.
Nc3 Qh5 9. Nxe4 Be7 10. Bg5 Be6 11. Bxe7 Nxe7 12. Nxd4 Qxd1 13. Raxd1 O-O-O 14.
Ng5 Nf5 15. Ngxe6 fxe6 16. Nxe6 Rxd1 17. Rxd1 Re8 18. Nf4 Re4 19. Nd3 Re2 20.
Ne1 Re6 21. Kf1 Ra6 22. a3 Rc6 23. Rd5 g6 24. Rd3 a5 25. a4 Rc4 26. b3 Re4 27.
Nf3 c6 28. c3 Kc7 29. Nd2 Re7 30. Nc4 b6 31. f3 Re8 32. Kf2 Rb8 33. Ne5 Re8 34.
f4 Nd6 35. Kf3 Re7 36. g3 c5 37. Re3 Nf5 38. Re2 Re8 39. g4 Nd6 40. h3 b5 41.
axb5 Nxb5 42. Re3 Ra8 43. Rd3 Rd8 44. Rxd8 Kxd8 45. Nc6+ Kd7 46. Nxa5 Nxc3 47.
Nc4 Ke6 48. Nb6 Nb5 49. Ke4 Nd4 50. b4 Nb3 51. f5+ gxf5+ 52. gxf5+ Kf7 53. bxc5
Nxc5+ 54. Kd4 Nb3+ 55. Ke5 Nc5 56. Nd5 Nd3+ 57. Kd4 Nf2 58. h4 Ng4 59. Ke4 Nf2+
60. Kf4 Nd3+ 61. Kg5 Ne5 62. h5 Nf3+ 63. Kh6 Nd4 64. Ne3 Kg8 65. f6 Nc6 66. Nd5
Ne5 67. Kg5 Kf7 68. Kf5 Nd7 69. h6 Kg8 70. Ke6 Nxf6 71. Nxf6+ 1/2-1/2

[Event "XIV MIEDZYNARODOWY FESTIWAL SZACHOWY PER"]
[Site "LAZY"]
[Date "2018.06.29"]
[Round "6.3"]
[White "Luba, Lukasz"]
[Black "Wisniewski, Michal"]
[Result "1-0"]
[WhiteElo "2094"]
[BlackElo "2204"]
[PlyCount "105"]
[EventDate "2018.??.??"]

1. d4 d5 2. c4 e6 3. a3 c6 4. e3 Nf6 5. Nc3 Be7 6. f4 Nbd7 7. c5 a5 8. Bd2 b6
9. b4 Ba6 10. Nf3 Bxf1 11. Rxf1 Ng4 12. g3 f5 13. h3 Nh6 14. Kf2 Nf7 15. Qe2
axb4 16. axb4 b5 17. Nxb5 cxb5 18. Qxb5 Rb8 19. Qc6 O-O 20. Qxe6 Nf6 21. Ng5 h6
22. Nxf7 Rxf7 23. Rfb1 Ne4+ 24. Ke2 Qe8 25. Ra5 Kf8 26. Rba1 Rf6 27. Qxd5 Rd8
28. Qc4 Qh5+ 29. Kd3 Qf3 30. Kc2 Qg2 31. Qd3 Nf2 32. Qf1 Qe4+ 33. Kc3 Qf3 34.
Kb2 Re6 35. R5a3 Bf6 36. Rc3 Qxg3 37. Kb3 Ne4 38. Be1 Qg6 39. Qc4 Qf7 40. Rd3
Rb8 41. Kc2 Qd7 42. Rda3 Re7 43. Ra8 Qb7 44. c6 Qxa8 45. Rxa8 Rxa8 46. b5 Rea7
47. Bb4+ Be7 48. b6 Ra2+ 49. Kb1 Ra1+ 50. Kb2 R1a2+ 51. Qxa2 Rxa2+ 52. Kxa2
Bxb4 53. c7 1-0